Europäische Sportler - Statistiken

Allgemein
  • Dieses Quiz wurde 345 mal gespielt
  • Das Durchschnittsergebnis liegt bei 9 aus 16
Antwortstatistiken
Bildquiz Hint Antwort % Korrekt
Portugal, Fußball, * 1985 Cristiano Ronaldo
100%
Deutschland, Autorennen, * 1969 Michael Schumacher
96%
Vereinigtes Königreich, Autorennen, * 1985 Lewis Hamilton
92%
Deutschland, Fußball, 1945-2024 Franz Beckenbauer
91%
Frankreich, Fußball, * 1972 Zinédine Zidane
87%
Ukraine, Boxen, * 1976 Wladimir Klitschko
86%
Österreich, Autorennen, 1949-2019 Niki Lauda
85%
Serbien, Tennis, * 1987 Novak Đoković
83%
Niederlande, Fußball, 1947-2016 Johan Cruyff
69%
Italien, Autorennen, 1898-1988 Enzo Ferrari
56%
Belgien, Radrennen, * 1945 Eddy Merckx
33%
Schweden, Ski, * 1956 Ingemar Stenmark
23%
Russland, Ringen, * 1967 Alexander Karelin
5%
Niederlande, Leichtathletik, 1918-2004 Fanny Blankers-Koen
2%
Russland, Kunstturnen, * 1934 Larissa Latynina
2%
Vereinigtes Königreich, Bergsteigen, 1886-1924 George Mallory
1%
Keine übereinstimmenden Quizze gefunden
Verteilung der Resultate
Anzahl Personen mit jedem Resultat
Perzentil nach korrekt beantworteten Fragen
Ihre Resultats-Entwicklung
Sie haben dieses Quiz noch nicht gespielt